000 00547cam a2200181 a 4500
999 _c7824
_d7824
020 _a0803605242 (pbk.)
050 4 _aRT55
_b.N89
100 1 _aNugent, Patricia Mary,
245 1 0 _aTest success :
_btest-taking techniques for beginning nursing students /
_cPatricia M. Nugent, Barbara A. Vitale.
250 _a3rd ed.
260 _aPhiladelphia :
_bF.A. Davis,
_cc2000.
300 _axvii, 359 p. ;
_c26 cm.
650 0 _aNursing
650 0 _aPractical nursing
650 0 _aTest-taking skills.
700 1 _aVitale, Barbara Ann,
942 _cBK